Potenciál využitia behaviorálnej ekonómie v rámci manažérskych marketingových nástrojov

Správne pochopenie prepojenia behaviorálnej ekonómie na teóriu marketingu. Vplyv behaviorálnej ekonómie na manažérske marketingové nástroje. Priblíženie súčasného stavu behaviorálnej ekonómie a marketingu.

Uložené v:
Podrobná bibliografia
Hlavný autor: Horváth, Martin
Médium: Kapitola
Jazyk:Slovak
Predmet:
Tagy: Pridať tag
Žiadne tagy, Buďte prvý, kto otaguje tento záznam!

MARC

LEADER 00000naa a2200000 4500
001 0267713
005 20240502074211.5
041 0 |a slo 
044 |a SK 
245 1 0 |a Potenciál využitia behaviorálnej ekonómie v rámci manažérskych marketingových nástrojov  |c Martin Horváth 
520 |a Správne pochopenie prepojenia behaviorálnej ekonómie na teóriu marketingu. Vplyv behaviorálnej ekonómie na manažérske marketingové nástroje. Priblíženie súčasného stavu behaviorálnej ekonómie a marketingu. 
610 2 0 |a ekonómia behaviorálna 
610 2 0 |a marketing spoločenský 
610 2 0 |a správanie spotrebiteľa 
610 2 0 |a nástroje marketingové 
610 2 0 |a marketing mix 
100 1 |a Horváth, Martin